000 00500nam a2200205Ia 4500
005 20250718110056.0
041 _aeng
082 _aRSa1V
_bJIT
100 _aJitatmananda, Swami
245 0 _aModern Physics and Vedanta
250 _a1st ed
260 _aBombay
_bBharatiya Vidya Bhavan
_c1986
300 _a87 p.
650 _aPhilosophy - India
650 _aVedanta
650 _aVedanta - Advaita
650 _aPhilosophy
942 _cBK
008 250718s9999||||xx |||||||||||||| ||und||
999 _c54048
_d54048